| 000 | 00935nam a22003137a 4500 | ||
|---|---|---|---|
| 003 | CHAP | ||
| 005 | 20220329133356.0 | ||
| 008 | 971013s1992 us a r 00010 eng d | ||
| 010 | _a5642 | ||
| 011 | _a6614 | ||
| 035 | _a5835 | ||
| 040 | _cCHAP | ||
| 082 | 0 | 0 |
_a635.92 _bP6 |
| 100 | 0 | 0 |
_aPowell, Charles C. _991167 |
| 245 | 1 |
_aBall pest & disease _b: manual |
|
| 260 |
_aGeneva, Il. : _bBall, _c1992 |
||
| 300 |
_a332 p. _b: ilus. |
||
| 500 | _a59-31 | ||
| 590 |
_aBATCH-UPD _b10 _c20130110 _lUCH01 _h0052 |
||
| 590 |
_aBATCH-UPD _b10 _c20130110 _lUCH01 _h0939 |
||
| 590 |
_aCONVERSION _b10 _c20130109 _lUCH01 _h1304 |
||
| 650 | 1 | 4 |
_aPesticidas. _987536 |
| 650 | 1 | 4 |
_aPlantas ornamentales _xEnfermedades. _989062 |
| 650 | 1 | 4 |
_aPlantas ornamentales _xPlagas. _989072 |
| 700 | 0 |
_aLindquist, Richard K. _966954 |
|
| 901 | _aBK | ||
| 942 | _cLIBRO | ||
| 949 |
_a635.92 P6 _bBC _cLIBRO _d33724000254678 _eLIBRO _gI.164011 _h82446 _i5835 _si _t162.00 |
||
| 999 |
_c5642 _d5642 |
||